Основы экологического нормирования: учебное пособие

Bibliografiske detaljer
Hovedforfatter: Лейкин Ю. А. Юрий Алексеевич
Summary:В учебном пособии собран и классифицирован материал по различным аспектам экологического нормирования и гигиены окружающей среды, токсикологии и экотоксикологии. Рассмотрена система санитарно-гигиенического нормирования и проблемы оценки техногенного вклада химических загрязнений с использованием достижений токсикометрии и экоток-сикометрии. Учебное пособие предназначено для студентов вузов, бакалавров, магистров и аспирантов, обучающихся по направлениям «Энерго- и ресурсосберегающие процессы в химической технологии, нефтехимии и биотехнологии», «Экология и природопользование», «Безопасность жизнедеятельности», «Природообустройство и защита окружающей среды», «Техносферная безопасность».
Sprog:russisk
Udgivet: Москва, Инфра-М, 2014
Serier:Высшее образование
Fag:
Format: Bog
KOHA link:https://koha.lib.tpu.ru/cgi-bin/koha/opac-detail.pl?biblionumber=254014

MARC

LEADER 00000nam0a2200000 4500
001 254014
005 20231101232910.0
010 |a 9785911348632 
010 |a 978-5-16-009644-5 
035 |a (RuTPU)RU\TPU\book\276436 
090 |a 254014 
100 |a 20140318d2014 m y0rusy50 ca 
101 0 |a rus 
102 |a RU 
105 |a a j 001zy 
200 1 |a Основы экологического нормирования  |e учебное пособие  |f Ю. А. Лейкин 
210 |a Москва  |c Инфра-М  |c Форум  |d 2014 
215 |a 368 с.  |c ил. 
225 1 |a Высшее образование 
320 |a Библиогр.: с. 363-364. 
330 |a В учебном пособии собран и классифицирован материал по различным аспектам экологического нормирования и гигиены окружающей среды, токсикологии и экотоксикологии. Рассмотрена система санитарно-гигиенического нормирования и проблемы оценки техногенного вклада химических загрязнений с использованием достижений токсикометрии и экоток-сикометрии. Учебное пособие предназначено для студентов вузов, бакалавров, магистров и аспирантов, обучающихся по направлениям «Энерго- и ресурсосберегающие процессы в химической технологии, нефтехимии и биотехнологии», «Экология и природопользование», «Безопасность жизнедеятельности», «Природообустройство и защита окружающей среды», «Техносферная безопасность». 
606 1 |a Экологическое нормирование  |2 stltpush  |3 (RuTPU)RU\TPU\subj\73269  |9 86358 
610 1 |a устойчивое развитие 
610 1 |a окружающая среда 
610 1 |a природные воздействия 
610 1 |a биологические воздействия 
610 1 |a физические воздействия 
610 1 |a химические воздействия 
610 1 |a токсикология 
610 1 |a экотоксикология 
610 1 |a санитарно-гигиеническое нормирование 
610 1 |a природная среда 
610 1 |a техногенные воздействия 
610 1 |a учебные пособия 
675 |a 502.34(075.8)  |v 3 
700 1 |a Лейкин  |b Ю. А.  |g Юрий Алексеевич 
801 1 |a RU  |b 63413507  |c 20140318 
801 2 |a RU  |b 63413507  |c 20150630  |g RCR 
942 |c BK 
959 |a 51/20140317  |d 5  |e 489,90  |f ЧЗТЛ:1  |f АНЛ:1  |f УФ:3